<?xml version="1.0" encoding="UTF-8"?>
<record
    xmlns:xsi="http://www.w3.org/2001/XMLSchema-instance"
    xsi:schemaLocation="http://www.loc.gov/MARC21/slim http://www.loc.gov/standards/marcxml/schema/MARC21slim.xsd"
    xmlns="http://www.loc.gov/MARC21/slim">

  <leader>00491nam a2200145Ia 4500</leader>
  <controlfield tag="008">120622s9999    xx            000 0 und d</controlfield>
  <datafield tag="082" ind1=" " ind2=" ">
    <subfield code="a">086.1 P832m v.3</subfield>
  </datafield>
  <datafield tag="100" ind1=" " ind2=" ">
    <subfield code="a">Acevedo Escobedo, Antonio, 1909-</subfield>
  </datafield>
  <datafield tag="245" ind1=" " ind2=" ">
    <subfield code="a">La ciudad de M&#xE9;xico en la novela / Antonio Acevedo Escobedo</subfield>
  </datafield>
  <datafield tag="260" ind1=" " ind2=" ">
    <subfield code="a">M&#xE9;xico : D.D.F.</subfield>
  </datafield>
  <datafield tag="300" ind1=" " ind2=" ">
    <subfield code="a">114 p.</subfield>
  </datafield>
  <datafield tag="440" ind1=" " ind2=" ">
    <subfield code="a">Colecci&#xF3;n popular Ciudad de M&#xE9;xico ; 3</subfield>
  </datafield>
  <datafield tag="650" ind1=" " ind2=" ">
    <subfield code="a">1. NOVELA - MEXICO (CIUDAD) - ASPECTOS SOCIALES</subfield>
  </datafield>
  <datafield tag="651" ind1=" " ind2=" ">
    <subfield code="a">1. MEXICO (CIUDAD) - HISTORIA&#xCC;</subfield>
  </datafield>
  <datafield tag="952" ind1=" " ind2=" ">
    <subfield code="0">0</subfield>
    <subfield code="1">0</subfield>
    <subfield code="4">0</subfield>
    <subfield code="7">0</subfield>
    <subfield code="a">01</subfield>
    <subfield code="b">01</subfield>
    <subfield code="d">2007-01-25</subfield>
    <subfield code="l">0</subfield>
    <subfield code="o">086.1 P832M V.3</subfield>
    <subfield code="p">01 008194</subfield>
    <subfield code="r">2012-06-24</subfield>
    <subfield code="w">2012-06-24</subfield>
    <subfield code="y">LB</subfield>
  </datafield>
  <datafield tag="999" ind1=" " ind2=" ">
    <subfield code="c">56998</subfield>
    <subfield code="d">56998</subfield>
  </datafield>
</record>
